Sabrina Carpenter Discography - Statistics

General Stats
  • This quiz has been taken 89 times
    10 since last reset
  • The average score is 85 of 114
Answer Stats
# title % Correct
17. Bad Reviews
100%
10. Don't Worry I'll Make You Worry
100%
8. Dumb & Poetic
100%
1. emails i can't send
100%
7. Espresso
100%
15. Feather
100%
9. Go Go Juice
100%
12. Goodbye
100%
11. House Tour
100%
1. Manchild
100%
3. My Man on Willpower
100%
9. Nonsense
100%
14. opposite
100%
2. Paris
100%
2. Please Please Please
100%
(2021) Skin
100%
11. skinny dipping
100%
9. Slim Pickins
100%
4. Sugar Talking
100%
1. Taste
100%
2. Tears
100%
8. When Did You Get Hot?
100%
(2018) | 1. Almost Love
83%
6. Already Over
83%
6. Bad Time
83%
12. Best Thing I Got
83%
16. Busy Woman
83%
4. cindy lou who
83%
(2020, Fin Argus) Clouds
83%
5. Coincidence
83%
15. Couldn't Make It Any Harder
83%
10. Darling I'm a Mess
83%
13. decode
83%
8. Diamonds Are Forever
83%
12. Don't Smile
83%
1. Eyes Wide Open
83%
3. Good Graces
83%
7. how many things
83%
10. Juno
83%
11. Lie To Girls
83%
7. Mona Lisa
83%
7. Never Getting Laid
83%
6. Nobody's Son
83%
14. (feat. Dolly Parton) Please Please Please
83%
5. prfct
83%
8. Seamless
83%
4. Sharpest Tool
83%
4. Sue Me
83%
17. things i wish you said
83%
3. Thumbs
83%
7. Too Young
83%
4. Tornado Warnings
83%
2. Vicious
83%
5. We Almost Broke Up Again Last Night
83%
4. We'll Be The Stars
83%
6. white xmas
83%
13. 15 Minutes
67%
(2018, Jonas Blue) Alien
67%
10. All We Have Is Love
67%
12. Bad for Business
67%
5. because i liked a boy
67%
6. Bed Chem
67%
8. bet u wanna
67%
2. buy me presents
67%
7. Don't Want It Back
67%
7. Exhale
67%
10. Fast Times
67%
2. Feels Like Loneliness
67%
3. (UHMEER) Hold Tight
67%
(2020) Honeymoon Fades
67%
3. (Saweetie) I Can't Stop Me
67%
4. I'm Fakin
67%
1. In My Bed
67%
5. is it new years yet?
67%
(2020, Work It) Let Me Move You
67%
16. Lonesome
67%
9. Looking at Me
67%
6. Mirage
67%
4. No Words
67%
(2019, Alan Walker, Farruko) On My Way
67%
1. On Purpose
67%
2. Pushing 20
67%
3. Read your Mind
67%
9. Right Now
67%
5. Run and Hide
67%
3. santa doesn't know you like i do
67%
8. Shadows
67%
9. Space
67%
5. Take Off All Your Cool
67%
8. Take You Back
67%
6. Tell Em
67%
(2025, Taylor Swift) The Life of a Showgirl
67%
5. Two Young Hearts
67%
11. White Flag
67%
6. Your Love's Like
67%
1. A Nonsense Christmas
50%
2. Can't Blame a Girl for Trying
50%
(2014) Christmas the Whole Year Round
50%
(2023, Spotify Singles) I Knew You Were Trouble
50%
(2016) Smoke and Fire
50%
(2014, Girl Meets World) Take On the World
50%
(2023, Charlie Puth, Dan + Shay) That's Not How This Works
50%
3. The Middle of Starting Over
50%
(2017) Why
50%
(2020, Zara Larsson) WOW
50%
(2024, girl in red) You Need Me Now?
50%
(2017, Lost King) First Love
33%
(2017) Have Yourself a Merry Little Christmas
33%
(2012, Ali Brustofski, Danielle Lowe) I'll Be Home For Christmas
33%
(2017, Jasmine Thompson) Sign of the Times
33%
(2016) A Dream Is a Wish Your Heart Makes/So This Is Love
17%
(2014) Silver Nights
17%
(2014, How to Build a Better Boy) Stand Out
17%
No matching quizzes found
Score Distribution
Percent of People with Each Score
Percentile by Number Answered
Your Score History
You have not taken this quiz since the last reset